Building Brotherhood: (Record no. 1762)
[ view plain ]
| 000 -LEADER | |
|---|---|
| fixed length control field | 006840000a22002290004500 |
| 003 - CONTROL NUMBER IDENTIFIER | |
| control field | LK-CoMWRAF |
| 005 - DATE AND TIME OF LATEST TRANSACTION | |
| control field | 20231102115858.0 |
| 008 - FIXED-LENGTH DATA ELEMENTS--GENERAL INFORMATION | |
| fixed length control field | 230817t ||||| |||| 00| 0 eng d |
| 040 ## - CATALOGING SOURCE | |
| Original cataloging agency | LK-CoMWRAF |
| Modifying agency | LK-CoMWRAF |
| Description conventions | LK-CoMWRAF |
| 041 ## - LANGUAGE CODE | |
| Language code of text/sound track or separate title | English |
| 082 ## - DEWEY DECIMAL CLASSIFICATION NUMBER | |
| Classification number | 372.1 |
| Item number | BEA |
| 942 ## - ADDED ENTRY ELEMENTS (KOHA) | |
| Koha item type | Books |
| 100 ## - MAIN ENTRY--PERSONAL NAME | |
| Personal name | Beauchamp, Mary |
| 700 ## - ADDED ENTRY--PERSONAL NAME | |
| Personal name | Llewellyn, Ardelle |
| 700 ## - ADDED ENTRY--PERSONAL NAME | |
| Personal name | Worley, Vivienne S. |
| 700 ## - ADDED ENTRY--PERSONAL NAME | |
| Personal name | Patterson, Franklin |
| Relator Term | editor |
| 245 ## - TITLE STATEMENT | |
| Title | Building Brotherhood: |
| Remainder of title | What Can Elementary Schools do? |
| 260 ## - PUBLICATION, DISTRIBUTION, ETC. (IMPRINT) | |
| Place of publication, distribution, etc. | New York: |
| Name of publisher, distributor, etc. | National Conference of Christians and Jews, |
| 300 ## - PHYSICAL DESCRIPTION | |
| Extent | 64 p. ; 23 cm. |
| 490 ## - SERIES STATEMENT | |
| Series statement | Intergroup education pamphlets |
| Volume/sequential designation | 8 |
| 650 ## - SUBJECT ADDED ENTRY--TOPICAL TERM | |
| Topical term or geographic name as entry element | GROUP WORK IN EDUCATION |
| Withdrawn status | Lost status | Damaged status | Not for loan | Permanent Location | Current Location | Date acquired | Full call number | Barcode | Koha item type |
|---|---|---|---|---|---|---|---|---|---|
| Resource center, Muslim Women's Research And Action Forum | Resource center, Muslim Women's Research And Action Forum | 2023-08-17 | 372.1 BEA | RAF1604 | Books |

